|
|
|
|
| LEADER |
03267nam a2200505 4500 |
| 001 |
978-3-319-68012-5 |
| 003 |
DE-He213 |
| 005 |
20191029011931.0 |
| 007 |
cr nn 008mamaa |
| 008 |
170919s2018 gw | s |||| 0|eng d |
| 020 |
|
|
|a 9783319680125
|9 978-3-319-68012-5
|
| 024 |
7 |
|
|a 10.1007/978-3-319-68012-5
|2 doi
|
| 040 |
|
|
|d GrThAP
|
| 050 |
|
4 |
|a GN370
|
| 050 |
|
4 |
|a HB1951-2577
|
| 072 |
|
7 |
|a JFFN
|2 bicssc
|
| 072 |
|
7 |
|a SOC007000
|2 bisacsh
|
| 072 |
|
7 |
|a JBFH
|2 thema
|
| 082 |
0 |
4 |
|a 304.8
|2 23
|
| 100 |
1 |
|
|a Vogt, Gabriele.
|e author.
|4 aut
|4 http://id.loc.gov/vocabulary/relators/aut
|
| 245 |
1 |
0 |
|a Population Aging and International Health-Caregiver Migration to Japan
|h [electronic resource] /
|c by Gabriele Vogt.
|
| 250 |
|
|
|a 1st ed. 2018.
|
| 264 |
|
1 |
|a Cham :
|b Springer International Publishing :
|b Imprint: Springer,
|c 2018.
|
| 300 |
|
|
|a VIII, 103 p. 14 illus. in color.
|b online resource.
|
| 336 |
|
|
|a text
|b txt
|2 rdacontent
|
| 337 |
|
|
|a computer
|b c
|2 rdamedia
|
| 338 |
|
|
|a online resource
|b cr
|2 rdacarrier
|
| 347 |
|
|
|a text file
|b PDF
|2 rda
|
| 490 |
1 |
|
|a SpringerBriefs in Population Studies,
|x 2211-3215
|
| 505 |
0 |
|
|a Chapter. 1. Introduction: Population Aging, Health-Caregiving, and International Labor Migration to Japan -- Chapter. 2. Health-Caregiving to the Elderly in Japan: Professionalized Labor, Community Based Approaches, and International Migration -- Chapter. 3. International Health-Caregiver Migration to Japan and Germany: Policies Designed to Fail -- Chapter. 4.International Migration to Japan: Political and Societal Responses to the Challenge of Integration -- Chapter. 5. Outlook: International Health-Caregiver Migration to Japan.
|
| 520 |
|
|
|a This book introduces Japan's current policy initiatives directed at eldercare and international labor migration, and, wherever appropriate,it adds a comparative perspective from Germany. The book shows how eldercare is currently being organized and discusses integration policies for foreigners. It studies the policy-making process behind the system, and contextualizes the migration avenue within the strong roots of Japan's eldercare in local communities and the non-preparedness of the nation to grant local citizenship to international newcomers. Through applying an approach of multi-level policy making, putting a strong focus on the local level and introducing new approaches, this book is of interest to policy makers and scholars in aging, migration, health care, and contemporary Japan.
|
| 650 |
|
0 |
|a Emigration and immigration.
|
| 650 |
|
0 |
|a Public health.
|
| 650 |
|
0 |
|a Aging.
|
| 650 |
1 |
4 |
|a Migration.
|0 http://scigraph.springernature.com/things/product-market-codes/X24000
|
| 650 |
2 |
4 |
|a Public Health.
|0 http://scigraph.springernature.com/things/product-market-codes/H27002
|
| 650 |
2 |
4 |
|a Aging.
|0 http://scigraph.springernature.com/things/product-market-codes/X11000
|
| 710 |
2 |
|
|a SpringerLink (Online service)
|
| 773 |
0 |
|
|t Springer eBooks
|
| 776 |
0 |
8 |
|i Printed edition:
|z 9783319680118
|
| 776 |
0 |
8 |
|i Printed edition:
|z 9783319680132
|
| 830 |
|
0 |
|a SpringerBriefs in Population Studies,
|x 2211-3215
|
| 856 |
4 |
0 |
|u https://doi.org/10.1007/978-3-319-68012-5
|z Full Text via HEAL-Link
|
| 912 |
|
|
|a ZDB-2-SLS
|
| 950 |
|
|
|a Social Sciences (Springer-41176)
|